1088 1420 1647 1709 1906 1015 1645 1700 1736 1739 1743 1810 1779 1937 1016 1614 1427 1386 1107 1064 1025 1619 1611 1057 1786 1171 1738 1845 1889 1848 1104 1010 1496 1605 1492 1617 1750 1187 1554 1707 1041 1869 1858 1296 1494 1652 1606 1130 1059 1705 1405 1067 1557 1515 1499 1451 1099 1319 1033 1703 1760 1126 1016 1466 1993 1627 1493 1552 1950 1161 1288 1990 1932 1344 1925 1493 1402 1048 1877 1495 1686 1267 1817 1229 1886 1215 1002 1562 1513 1899 1954 1121 1011 1774 1686 1758 1390 1551 1844 BCNSPRNW ULIB Ver.6.0+V

เปลี่ยนเป็นภาษาไทย

Change to English
 แสดงรายละเอียดบรรณานุกรม
  กลับหน้าหลัก

Brief Record : Get Marc (ISO 2709) : E-mail record : QR code < ปิดหน้าต่าง
LEADER : 00000nam 2200000uu 4500
001    13399124857
003     ULIB
008    160419s2558||||th 000 0 tha d
024 0  ^a9786163827272
060  4 ^aWY156.7^bก494
100 0  ^aเกสรา ศรีพิชญาการ.
245 00 ^aการพยาบาลสตรีที่ได้รับผลกระทบจากความรุนแรงในครอบครัว =Nursing Care of Inflicted by Family Violence /^cเกสรา ศรีพิชญาการ
260    ^a[เชียงใหม่] :^bคณะพยาบาลศาสตร์ มหาวิทยาลัยเชียงใหม่,^c2558
300    ^a362 :^bภาพประกอบ
650  7 ^aการพยาบาลครอบครัว
650    ^aการพยาบาลทางนรีเวช
650  7 ^aสตรีที่ถูกทารุณ^xการพยาบาล
710 2  ^aมหาวิทยาลัยเชียงใหม่.^bคณะพยาบาลศาสตร์
945    ^p450^l0^i000553
945    ^p450^l0^i000554
945    ^p450^l0^i000555
945    ^p450^l0^i000556
945    ^p450^l0^i000557
945    ^p450^l0^i000558
945    ^p450^l0^i000559
945    ^p450^l0^i000904
999    ^aเกษร โพธิ์สุวรรณ
รายการนี้ยังไม่มีแท็ก
คุณยังไม่ได้ล็อกอิน คุณสามารถมีกิจกรรมร่วมกับเว็บไซต์ได้ แต่ต้องล็อกอินก่อน ::
  ล็อกอิน

รายการสื่อสารสนเทศ

ลำดับที่ ประเภท เลขเรียก/บาร์โค้ด สถานที่ สถานะ
1. Book การพยาบาล
Book การพยาบาล
สถานะ=หนังสือเก่า
WY156.7 ก494 ฉ.1 
  Barcode: 000553
ห้องสมุดวิทยาเขตสวรรค์ประชารักษ์
►ส่วนจัดเก็บหนังสือเก่า สปร
บนชั้น
  ขอยืม
2. Book การพยาบาล
Book การพยาบาล
สถานะ=หนังสือเก่า
WY156.7 ก494 ฉ.2 
  Barcode: 000554
ห้องสมุดวิทยาเขตสวรรค์ประชารักษ์
►ส่วนจัดเก็บหนังสือเก่า สปร
บนชั้น
  ขอยืม
3. Book การพยาบาล
Book การพยาบาล
สถานะ=หนังสือเก่า
WY156.7 ก494 ฉ.3 
  Barcode: 000555
ห้องสมุดวิทยาเขตสวรรค์ประชารักษ์
►ส่วนจัดเก็บหนังสือเก่า สปร
บนชั้น
  ขอยืม
4. Book การพยาบาล
Book การพยาบาล
สถานะ=หนังสือเก่า
WY156.7 ก494 ฉ.4 
  Barcode: 000556
ห้องสมุดวิทยาเขตสวรรค์ประชารักษ์
►ส่วนจัดเก็บหนังสือเก่า สปร
บนชั้น
  ขอยืม
5. Book การพยาบาล
Book การพยาบาล
สถานะ=หนังสือเก่า
WY156.7 ก494 ฉ.5 
  Barcode: 000557
ห้องสมุดวิทยาเขตสวรรค์ประชารักษ์
►ส่วนจัดเก็บหนังสือเก่า สปร
บนชั้น
  ขอยืม
6. Book การพยาบาล
Book การพยาบาล
สถานะ=หนังสือเก่า
WY156.7 ก494 ฉ.6 
  Barcode: 000558
ห้องสมุดวิทยาเขตสวรรค์ประชารักษ์
►ส่วนจัดเก็บหนังสือเก่า สปร
บนชั้น
  ขอยืม
7. Book การพยาบาล
Book การพยาบาล
สถานะ=หนังสือเก่า
WY156.7 ก494 ฉ.7 
  Barcode: 000559
ห้องสมุดวิทยาเขตสวรรค์ประชารักษ์
►ส่วนจัดเก็บหนังสือเก่า สปร
บนชั้น
  ขอยืม
8. Book การพยาบาล
Book การพยาบาล
สถานะ=หนังสือเก่า
WY156.7 ก494 ฉ.8 
  Barcode: 000904
ห้องสมุดวิทยาเขตสวรรค์ประชารักษ์
►ส่วนจัดเก็บหนังสือเก่า สปร
บนชั้น
  ขอยืม

รายการใกล้เคียง
    ผู้แต่ง [เกสรา ศรีพิชญาการ.]

    หัวเรื่อง [การพยาบาลครอบครัว]

BibComment


ยังไม่เคยถูกคอมเมนท์

คอมเมนท์ทรัพยากรรายการนี้
  คอมเมนท์: การพยาบาลสตรีที่..


 Copyright 2026. Bcnsprnw @Library